Campeones de la Copa América, por año - Estadísticas

Estadísticas generales
  • Esta prueba ha sido intentada 286 veces
  • La puntuación promedio es 29 de 45
Estadísticas de respuestas
Hint Respuesta % Correcto
1916 Uruguay
97%
1917 Uruguay
96%
1919 Brasil
94%
1920 Uruguay
93%
1921 Argentina
90%
1922 Brasil
90%
1923 Uruguay
89%
1924 Uruguay
87%
1925 Argentina
85%
1926 Uruguay
84%
1927 Argentina
82%
1929 Argentina
82%
1937 Argentina
80%
1935 Uruguay
80%
1941 Argentina
76%
1942 Uruguay
75%
1939 Perú
74%
1945 Argentina
72%
1946 Argentina
71%
1947 Argentina
70%
1949 Brasil
68%
1953 Paraguay
64%
1955 Argentina
62%
1959 (Argentina) Argentina
61%
1956 Uruguay
59%
2016 Chile
57%
1959 (Ecuador) Uruguay
57%
2015 Chile
55%
1957 Argentina
54%
2001 Colombia
50%
2011 Uruguay
50%
2004 Brasil
48%
2007 Brasil
48%
1993 Argentina
47%
1963 Bolivia
46%
1991 Argentina
45%
1967 Uruguay
45%
1983 Uruguay
45%
1987 Uruguay
44%
1995 Uruguay
44%
1989 Brasil
43%
1997 Brasil
43%
1999 Brasil
43%
1975 Perú
43%
1979 Paraguay
42%
No se encontraron pruebas coincidentes
Distribución de puntuación
Porcentaje de gente con cada puntuación
Porcentaje por número respondido
Historial de tus puntuaciones
No has intentado esta prueba.